| 000 | 01079nam a2200277 i 4500 | ||
|---|---|---|---|
| 003 | DO-SdBNP | ||
| 005 | 20250403140749.0 | ||
| 007 | ta | ||
| 008 | 250403b2013 dr ||||| |||| 00| 0 spa d | ||
| 020 | _a9789945473919 | ||
| 040 |
_aDO-SdBNP _bspa _cBNPHU _erda |
||
| 082 | 4 |
_axxx _bV686v _222 |
|
| 100 | 1 |
_aVargas García, Ysidro, _d1967- _eautor _4aut. _961449 |
|
| 245 | 1 | 0 |
_aViolencia de género e intrafamiliar / _cYsidro Vargas García |
| 264 | 4 |
_aSanto Domingo : _bEditora Roca Artes Gráficas, _c©2013. |
|
| 300 |
_a274 páginas ; _c22 cm. |
||
| 336 |
_atexto _btxt _2rdacontent |
||
| 337 |
_asin mediación _bn _2rdamedia |
||
| 338 |
_avolumen _bnc _2rdacarrier |
||
| 500 | _aLa violencia de género e intrafamiliar es un mal común de la humanidad actual y solo la educación y la fé en Dios nos protegerá de ser la próxima víctima o víctimario de un femicidio. | ||
| 500 | _aIncluye datos biográficos del autor en la solapa de la cubierta | ||
| 504 | _aBibliografía : páginas 267 | ||
| 590 | _aInventariado, 2025/BT | ||
| 910 | _aBtavárez | ||
| 942 |
_2ddc _cLBS1 |
||
| 999 |
_c58600 _d58600 |
||